Trabajo autn̤omo y trabajo por cuenta ajena nuevas formas de precariedad laboral /

Detalles Bibliográficos
Autor principal: ℓlvarez Cuesta, Henar
Otros Autores: Rodrg̕uez Escanciano, Susana
Formato: eBook
Lenguaje:español
Publicado: Albacete: Editorial Bomarzo, 2019
Materias:
Acceso en línea:Acceso restringido

MARC

LEADER 00000nam a22000007a 4500
005 20200302232956.0
007 cr|||| ||||
008 200302s2019 es |||||s|||| 00||0 spa d
020 |a 978-84-17310-79-0 
035 |a 31054 
040 |a vLex 
090 |c 10153  |d 10153 
100 1 |a ℓlvarez Cuesta, Henar 
245 1 0 |a Trabajo autn̤omo y trabajo por cuenta ajena  |h [Recurso electrn̤ico] :  |b nuevas formas de precariedad laboral /  |c Henar ℓlvarez Cuesta, Susana Rodrg̕uez Escanciano 
256 |a Servicio en ln̕ea 
260 |a Albacete:  |b Editorial Bomarzo,  |c 2019 
300 |a 1 recurso electrn̤ico 
500 |a La monografa̕ analiza en detalle las distingas manifestaciones de la precariedad laboral, desde el cls̀ico recurso a las formas de trabajo autn̤omas, la externalizacin̤ de la actividad a travš de empresas polivalentes, falsas cooperativas de trabajo asociado, la sustitucin̤ de personal fijo propio por personal subcontratado en las Administraciones Pb︢licas, la incidencia de las nuevas formas de produccin̤ en la configuracin̤ del concepto de trabajo por cuenta ajena, para finalizar con el estudio de las distintas becas, prc̀ticas y colaboraciones, capaces de devaluar la formacin̤ que pretenden proporcionar. 
506 1 |a Disponible solo en los productos indicados  |d vLex Global  |d vLex Global (Academic Edition, excluding Law Schools)  |d vLex Global (U.S. Academic Edition, Law Schools)  |d vLex Global (U.S. Academic Edition, excluding Law Schools)  |d vLex Global (Academic Edition, Law Schools) 
650 0 4 |a Derecho Laboral y Seguridad Social  |z Espaą 
700 1 |a Rodrg̕uez Escanciano, Susana 
740 0 |a vLex Libros (Servicio en ln̕ea) 
856 4 0 |u http://vlex.com/source/trabajo-autonomo-y-trabajo-por-cuenta-ajena-nuevas-formas-de-precariedad-laboral-31054  |z Acceso restringido 
942 |c BOOK 
999 0 |a Labor law and social security